U.S.Cities by Interstate Highway Intersection - Statistics

General Stats
  • This quiz has been taken 80 times
  • The average score is 12 of 16
Answer Stats
Hint Answer % Correct
I-45, I-10 Houston
91%
I-5, I-90 Seattle
91%
I-95, I-10 Jacksonville
87%
I-85, I-75, I-20 Atlanta
83%
I-40, I-65, I-24 Nashville
80%
I-95, I-70 Baltimore
79%
I-55, I-70 St. Louis
79%
I-15, I-80 Salt Lake City
77%
I-35, I-40, I-44 Oklahoma City
76%
I-35, I-10 San Antonio
76%
I-5, I-80 Sacramento
74%
I-70, I-25, I-76 Denver
67%
I-35, I-80 Des Moines
63%
I-90, I-87, I-88 Albany
54%
I-84, I-91 Hartford
49%
I-85, I-65 Montgomery
47%
No matching quizzes found
Score Distribution
Percent of People with Each Score
Percentile by Number Answered
Your Score History
You have not taken this quiz